| 000 | 00789ngm a2200289 a 4500 | ||
|---|---|---|---|
| 003 | OSt | ||
| 005 | 20251020182703.0 | ||
| 008 | 240217s9999 xx 000 0 und d | ||
| 040 | _aPE SENCICO BE | ||
| 040 | _cPE SENCICO BE | ||
| 041 | _aspa | ||
| 082 | _aQ010 | ||
| 245 | 0 | _aCurso de albañilería. Tarea Nº 9. Construir arco de medio punto. Módulo 1. 1era parte. Armar andamio. 2da parte. Armar cimbra de ladrillo. 3era parte. Armar cimbra de ladrillo / | |
| 245 | 0 | _cSENCICO-INTE | |
| 260 | _aLima | ||
| 260 | _bSENCICO-INTE | ||
| 260 | _cNo precisa | ||
| 300 | _a1 VIDEO | ||
| 300 | _bson., Col. | ||
| 300 | _c78' | ||
| 490 | _aALBAÑILERIA | ||
| 520 | _aMódulo Uno | ||
| 650 | _aARCO DE MEDIO PUNTO | ||
| 651 | _aPERÚ | ||
| 910 | _aila. | ||
| 942 |
_cVID _2ddc |
||
| 999 |
_c4886 _d4886 |
||